00836nam a2200253Ia 4500008004100000020002200041050002000063050001800083100002200101245001900123245005300142245002200195260001900217260003900236260000900275300001600284300001100300300001100311500004100322650001800363650005200381999001900433952013000452160517s9999 xx 000 0 und d a978-981-37-0327-9 aComSc QA 76.64  b.T73 2008 c.1 aTrajano, Emily F. aVisual basic : ban introduction to object oriented programming / cEmily F. Trajano. acainta Rizal : bJemma Distributors and Mgt. Corp., c2008 a354 pages : bill. ; c24 cm. aIncludes bibliographical references. aVisual basic. xObject-oriented programming (Computer science). c294211d294211 001040aSMCbSMCcComScd2008-05-26g454.00l0oComSc QA 76.64 .T73 2008 c.1pSMC05098r2016-05-17 00:00:00w2016-05-17yBK